000 00768nam a22002415a 4500
999 _c35461
_d35461
003 OSt
005 20241210200340.0
008 020226s2018 esp spa d
020 _a978-607-448-658-2
040 _cBMC
082 _a613
082 _a362.04
100 1 _923996
_aÁlvarez Alvar, Rafael
245 1 0 _aSalud pública y medicina preventiva
_cRafaél Álvarez Alva, Pablo A. Kuri Morales; editor responsable, José Luis Morales Saavedra
250 _a5ª ed
260 _aMéxico, D.F.
_bEl Manual Moderno
_ccop. 2018
300 _aXVII, 453 p.
_c23 cm
650 2 4 _aSalud pública
_94291
650 2 4 _923995
_aMedicina preventiva
700 1 _aKuri-Morales, Pablo‏
_942370
700 1 _aMorales Saavedra, José Luis
_924132
942 _2ddc
_cBK